[Event "Titled Tuesday intern op 27th Feb Late"]
[Site "Chess.com INT"]
[Date "2024.02.27"]
[Round "3"]
[White "Guzman Lozano, Campo Elias"]
[Black "Ventura Bolet, Maxim"]
[Result "0-1"]
[WhiteElo "1837"]
[BlackElo "2231"]
[PlyCount "44"]
[EventDate "2024.02.27"]
[EventType "swiss (blitz)"]
[EventRounds "11"]
[EventCountry "USA"]
[SourceTitle "CB10_2024"]
[SourceDate "2024.03.06"]
[SourceVersion "1"]
[SourceVersionDate "2024.03.06"]
[SourceQuality "1"]

1. e4 Nf6 2. Nc3 d5 3. exd5 Nxd5 4. Bc4 e6 5. Qf3 Nb4 6. Bb3 N8c6 7. Nge2 Na5 8. Ne4 Nxb3 9. Qxb3 Qd5 10. N2c3 Qxb3 11. cxb3 Nc2+ 12. Kd1 Nxa1 13. d4 Bd6 14. Nxd6+ cxd6 15. Bf4 e5 16. dxe5 dxe5 17. Bxe5 Bf5 18. Re1 0-0-0+ 19. Kc1 Nc2 20. Re2 Nd4 21. Re3 f6 22. Bg3 Rhe8 0-1

[Event "Titled Tuesday intern op 24th Oct Late"]
[Site "Chess.com INT"]
[Date "2023.10.24"]
[Round "2"]
[White "Ventura Bolet, Maxim"]
[Black "Castellanos Hernandez, Emilio Au"]
[Result "1/2-1/2"]
[WhiteElo "2233"]
[BlackElo "1970"]
[PlyCount "150"]
[EventDate "2023.10.24"]
[EventType "swiss (blitz)"]
[EventRounds "11"]
[EventCountry "USA"]
[SourceTitle "Mega2024 Update 01"]
[Source "Chessbase"]
[SourceDate "2023.11.12"]
[SourceVersion "1"]
[SourceVersionDate "2023.11.12"]
[SourceQuality "1"]

1. e4 c5 2. Nf3 Nc6 3. d4 cxd4 4. Nxd4 d6 5. Nc3 Nf6 6. Bc4 e5 7. Nde2 a6 8. a4 Be7 9. 0-0 0-0 10. Bg5 Be6 11. Bxf6 Bxc4 12. Bxe7 Qxe7 13. Re1 f5 14. Ng3 fxe4 15. Ngxe4 Rad8 16. Qh5 d5 17. Ng3 d4 18. Nce4 Bd5 19. Rad1 Bf7 20. Qe2 Qb4 21. b3 Bg6 22. Ng5 Qc5 23. Ne6 Qxc2 24. Nxd8 Qxe2 25. Rxe2 Rxd8 26. f3 Rd5 27. Ne4 Bxe4 28. Rxe4 Rc5 29. f4 exf4 30. Rxf4 g5 31. Rg4 Kf7 32. h4 h6 33. hxg5 hxg5 34. Rg3 Kf6 35. b4 Rc4 36. b5 axb5 37. axb5 Ne5 38. Ra3 Rb4 39. Ra7 Rxb5 40. Rxd4 g4 41. Rf4+ Kg5 42. Rf1 g3 43. Ra8 Ng6 44. Rg8 Re5 45. Rb1 b5 46. Rb8 Nf4 47. R8xb5 Rxb5 48. Rxb5+ Kg4 49. Kf1 Kh4 50. Rb4 Kg5 51. Ra4 Kf5 52. Ra5+ Kg4 53. Ra3 Kh4 54. Rf3 Kg4 55. Kg1 Ne2+ 56. Kf1 Nf4 57. Ra3 Kh4 58. Ra8 Kg4 59. Rh8 Kg5 60. Rg8+ Kh4 61. Rg7 Nh5 62. Rh7 Kg4 63. Ke1 Nf4 64. Rg7+ Kh4 65. Rh7+ Kg4 66. Kf1 Nh5 67. Rh8 Nf4 68. Ra8 Kf5 69. Ra3 Kg4 70. Rf3 Nh5 71. Ra3 Nf4 72. Ra4 Kg5 73. Ra5+ Kg4 74. Ra4 Kg5 75. Ra5+ Kg4 1/2-1/2

[Event "Titled Tuesday intern op 26th Sep Early"]
[Site "Chess.com INT"]
[Date "2023.09.26"]
[Round "1"]
[White "Ventura Bolet, Maxim"]
[Black "Schmakel, Sam A"]
[Result "0-1"]
[WhiteElo "2233"]
[BlackElo "2457"]
[PlyCount "64"]
[EventDate "2023.09.26"]
[EventType "swiss (blitz)"]
[EventRounds "11"]
[EventCountry "USA"]
[SourceTitle "EXT 2024"]
[Source "ChessBase"]
[SourceDate "2023.10.10"]
[SourceVersion "1"]
[SourceVersionDate "2023.10.10"]
[SourceQuality "1"]

1. e4 e5 2. Nf3 Nc6 3. d4 exd4 4. Nxd4 Qf6 5. Nf3 Bb4+ 6. c3 Bc5 7. Be2 Nge7 8. 0-0 d6 9. Nbd2 0-0 10. Nb3 Bb6 11. Nbd4 h6 12. Re1 Re8 13. Be3 Ng6 14. Nxc6 bxc6 15. Bd4 Bxd4 16. Nxd4 c5 17. Bb5 Rf8 18. Nc2 Rb8 19. a4 a6 20. Bf1 Rxb2 21. Ne3 Bb7 22. f3 Qxc3 23. Nd5 Bxd5 24. Qxd5 Nf4 25. Qf5 Qd2 26. Qg4 Rfb8 27. Rad1 Qf2+ 28. Kh1 Ng6 29. Bxa6 Ra2 30. Bb5 c6 31. Bxc6 Ne5 32. Qf4 Qxg2# 0-1

[Event "Titled Tuesday intern op 26th Sep Late"]
[Site "Chess.com INT"]
[Date "2023.09.26"]
[Round "5"]
[White "Yelisieiev, Yevhenii"]
[Black "Ventura Bolet, Maxim"]
[Result "0-1"]
[WhiteElo "2411"]
[BlackElo "2233"]
[PlyCount "56"]
[EventDate "2023.09.26"]
[EventType "swiss (blitz)"]
[EventRounds "11"]
[EventCountry "USA"]
[SourceTitle "EXT 2024"]
[Source "ChessBase"]
[SourceDate "2023.10.10"]
[SourceVersion "1"]
[SourceVersionDate "2023.10.10"]
[SourceQuality "1"]

1. d4 Nf6 2. Nf3 e6 3. c4 b6 4. Nc3 Bb4 5. e3 Bb7 6. Be2 0-0 7. 0-0 d5 8. Qb3 a5 9. a3 Be7 10. cxd5 exd5 11. Ne5 c6 12. f4 b5 13. Bd2 Nbd7 14. Rac1 Nb6 15. Be1 Nc4 16. Nxc4 dxc4 17. Bxc4 bxc4 18. Qxb7 Rb8 19. Qa6 Rxb2 20. Qxc4 Bxa3 21. Ra1 Be7 22. Qxc6 Qb8 23. Qf3 Rc8 24. Ne4 Nd5 25. Ng5 Nf6 26. Ne4 Nd7 27. Ng3 Qb5 28. Ne4 a4 0-1

[Event "Titled Tuesday intern op 05th Sep Early"]
[Site "Chess.com INT"]
[Date "2023.09.05"]
[Round "4"]
[White "Nagare, Kaivalya Sandip"]
[Black "Ventura Bolet, Maxim"]
[Result "0-1"]
[WhiteElo "2095"]
[BlackElo "2233"]
[PlyCount "129"]
[EventDate "2023.09.05"]
[EventType "swiss (blitz)"]
[EventRounds "11"]
[EventCountry "USA"]
[SourceTitle "EXT 2024"]
[Source "ChessBase"]
[SourceDate "2023.10.10"]
[SourceVersion "1"]
[SourceVersionDate "2023.10.10"]
[SourceQuality "1"]

1. e4 Nf6 2. e5 Nd5 3. Nf3 d6 4. d4 dxe5 5. Nxe5 c6 6. c4 Nb4 7. Be3 Bf5 8. Nd3 e6 9. Nc3 a5 10. a3 Nxd3+ 11. Bxd3 Bxd3 12. Qxd3 Nd7 13. 0-0 Be7 14. Rad1 0-0 15. Rfe1 Bg5 16. f4 Bf6 17. Bf2 Bh4 18. g3 Be7 19. h4 a4 20. Ne4 Qa5 21. Ng5 g6 22. c5 Nf6 23. Kg2 Qb5 24. Qxb5 cxb5 25. d5 h6 26. Nf3 Rfd8 27. d6 Bf8 28. Nd4 b6 29. c6 Rxd6 30. Rc1 Nd5 31. Nxb5 Rdd8 32. Red1 Rdc8 33. h5 Ra5 34. Nd4 gxh5 35. Nf3 Bc5 36. Ne5 Bxf2 37. Kxf2 Rc5 38. Rxc5 bxc5 39. Rc1 f6 40. Nd3 Rxc6 41. Rxc5 Rxc5 42. Nxc5 Nb6 43. Ke2 Nc4 44. Nxa4 Kg7 45. Kd3 Nd6 46. Nc3 Kg6 47. a4 Kf5 48. a5 Kg4 49. a6 Nc8 50. b4 Kxg3 51. Ke3 h4 52. Ne4+ Kg2 53. Nf2 h3 54. b5 h2 55. Ke2 Nb6 56. Ke3 h5 57. Ke2 h4 58. Ke3 h3 59. Ke2 h1Q 60. Nxh1 Kxh1 61. Kf1 Kh2 62. Kf2 e5 63. f5 e4 64. Kf1 Kg3 65. Kg1 0-1

[Event "Titled Tuesday intern op 05th Sep Late"]
[Site "Chess.com INT"]
[Date "2023.09.05"]
[Round "10"]
[White "Ventura Bolet, Maxim"]
[Black "Weetik, Vjacheslav"]
[Result "1-0"]
[WhiteElo "2233"]
[BlackElo "2423"]
[PlyCount "97"]
[EventDate "2023.09.05"]
[EventType "swiss (blitz)"]
[EventRounds "11"]
[EventCountry "USA"]
[SourceTitle "EXT 2024"]
[Source "ChessBase"]
[SourceDate "2023.10.10"]
[SourceVersion "1"]
[SourceVersionDate "2023.10.10"]
[SourceQuality "1"]

1. Nf3 Nf6 2. b3 c5 3. Bb2 Nc6 4. e3 a6 5. d4 cxd4 6. Nxd4 d5 7. c4 e5 8. Nxc6 bxc6 9. cxd5 Bb4+ 10. Bc3 Qa5 11. Qd2 Nxd5 12. Bxb4 Nxb4 13. Nc3 Bf5 14. 0-0-0 0-0 15. Bc4 Rfd8 16. Qb2 Bd3 17. a3 Bxc4 18. axb4 Qxb4 19. bxc4 Qxc4 20. Kc2 Rdb8 21. Qa1 Rb3 22. Rb1 Rab8 23. Rhd1 h6 24. Rxb3 Rxb3 25. Rb1 Rb5 26. Qa4 Qc5 27. Rb3 a5 28. Rxb5 cxb5 29. Qxb5 Qc7 30. Kb3 Qd8 31. e4 Qd2 32. Qxa5 Qxf2 33. Qxe5 Qxg2 34. Kc4 f6 35. Qe6+ Kh7 36. h3 Qf1+ 37. Kd4 Qf2+ 38. Kc4 Qd2 39. Nd5 Qa2+ 40. Kd4 Qb2+ 41. Kc5 Qa3+ 42. Kc6 Qa6+ 43. Kd7 Qb7+ 44. Ke8 Qb8+ 45. Kf7 Qg8+ 46. Ke7 Qb8 47. Qf7 Qb7+ 48. Ke6 Qc8+ 49. Qd7 1-0

[Event "Titled Tuesday intern op 08th Aug Early"]
[Site "Chess.com INT"]
[Date "2023.08.08"]
[Round "7"]
[White "Kraiouchkine, Nikita"]
[Black "Ventura Bolet, Maxim"]
[Result "1-0"]
[WhiteElo "2218"]
[BlackElo "2203"]
[PlyCount "71"]
[EventDate "2023.08.08"]
[EventType "swiss (blitz)"]
[EventRounds "11"]
[EventCountry "USA"]
[SourceTitle "EXT 2024"]
[Source "ChessBase"]
[SourceDate "2023.10.10"]
[SourceVersion "1"]
[SourceVersionDate "2023.10.10"]
[SourceQuality "1"]

1. e4 d5 2. exd5 c6 3. d4 cxd5 4. c4 Nf6 5. Nc3 g6 6. Nf3 Bg7 7. c5 0-0 8. Bf4 Nc6 9. Bb5 Bg4 10. Bxc6 bxc6 11. h3 Bxf3 12. Qxf3 Nh5 13. 0-0-0 Nxf4 14. Qxf4 e5 15. dxe5 Qe7 16. Qe3 Qxe5 17. Qxe5 Bxe5 18. Rhe1 Rfe8 19. Ne2 Rab8 20. Nd4 Bxd4 21. Rxe8+ Rxe8 22. Rxd4 Kg7 23. Ra4 Re7 24. Kd2 Kf6 25. Ra6 Rc7 26. b4 Ke5 27. Kd3 f5 28. Ra3 Rb7 29. Rb3 Rb5 30. a4 Rb8 31. b5 a6 32. b6 d4 33. Kc4 Ke4 34. Rd3 Rd8 35. b7 Ke5 36. f4+ 1-0

[Event "Titled Tuesday intern op 08th Aug Late"]
[Site "Chess.com INT"]
[Date "2023.08.08"]
[Round "1"]
[White "Saveliev, Alexei"]
[Black "Ventura Bolet, Maxim"]
[Result "1-0"]
[WhiteElo "2366"]
[BlackElo "2203"]
[PlyCount "49"]
[EventDate "2023.08.08"]
[EventType "swiss (blitz)"]
[EventRounds "11"]
[EventCountry "USA"]
[SourceTitle "EXT 2024"]
[Source "ChessBase"]
[SourceDate "2023.10.10"]
[SourceVersion "1"]
[SourceVersionDate "2023.10.10"]
[SourceQuality "1"]

1. c4 g6 2. Nc3 Bg7 3. d4 d6 4. e4 Nf6 5. f4 c5 6. d5 0-0 7. Nf3 e6 8. Be2 exd5 9. cxd5 Re8 10. e5 dxe5 11. fxe5 Ng4 12. Bg5 Qb6 13. 0-0 Nxe5 14. Nxe5 Bxe5 15. Bc4 Qxb2 16. Nb5 Qxa1 17. Qf3 Qxf1+ 18. Kxf1 a6 19. d6 Be6 20. Bxe6 fxe6 21. Qxb7 Nd7 22. Qxd7 axb5 23. Be7 b4 24. Qxe6+ Kg7 25. Qxe5+ 1-0